| 000 | 00449nam a2200169Ia 4500 | ||
|---|---|---|---|
| 008 | 230524s9999 xx 000 0 und d | ||
| 082 |
_a610.32 _bDRA |
||
| 100 |
_aRichard L.Drake _923713 |
||
| 245 | 0 | _aGray's Anatomy for Students | |
| 250 | _a1ST | ||
| 260 |
_aNEW DELHI _bElsevier _c2005 |
||
| 300 | _aXVII;1034 | ||
| 500 | _aQuantity Number: 1 | ||
| 650 | _aBiomedical | ||
| 700 |
_a" Wayne Vogl , Adam W.M.Mitchell,,," _923714 |
||
| 942 | _cBK | ||
| 999 |
_c35253 _d35253 |
||